| 000 | 00000nas##2200000za#4500 |
| 001 | 9.508958 |
| 003 | CaOODSP |
| 005 | 20200325102221 |
| 007 | ta |
| 008 | 150406c1997||||xxc|| m #||||f| |0eng|d |
| 040 | |aCaOODSP|beng |
| 041 | |aeng |
| 041 | |afre |
| 043 | |an-cn--- |
| 086 | 1 |aBT31-2/1998-III |
| 110 | 1 |aCanada. |bTreasury Board. |
| 245 | 10|a1997-98 estimates, part III: Expenditure plan |
| 260 | |aOttawa - Ontario : |bTreasury Board of Canada Secretariat |
| 546 | |aBilingual |
| 563 | |aSoftcover |
| 776 | 0#|tBudget des dépenses 1997-1998. Partie III, Plan de dépenses |w(CaOODSP)9.502512 |
| 776 | 0#|t1997-98 estimates. Part III, Expenditure plan |w(CaOODSP)9.506109 |
| 792 | |tBudget des dépenses 1997-1998, partie III: Plan de dépenses |efre|w(CaOODSP)9.508959 |